00261nam a22000977a 4500040000700000082000800007100003300015245006400048260004400112300000700156 cHS a338 aហ៊ីង សាលីន aRural finance ហិរញ្ញវត្ថុជនបទ aRUAbហ៊ីង សាលីនc2008 aNA